Stationery or Cutlery? - Blitz - Statistics

General Stats
  • This quiz has been taken 79 times
  • The average score is 33 of 40
Answer Stats
Hint Answer % Correct
Pencil Stationery
91%
Knife Cutlery
88%
Cheese slicer Cutlery
88%
Fork Cutlery
86%
Peeler Cutlery
86%
Ladle Cutlery
86%
Chopsticks Cutlery
86%
Garlic press Cutlery
86%
Pizza cutter Cutlery
86%
Scoop Cutlery
86%
Laminator Stationery
86%
Stamp Stationery
86%
Teaspoon Cutlery
84%
Rubber Stationery
84%
Tape Stationery
84%
Marker Stationery
84%
Envelope Stationery
84%
Spoon Cutlery
83%
Spatula Cutlery
83%
Masher Cutlery
83%
Pen Stationery
83%
Paperclip Stationery
83%
Grater Cutlery
81%
Ruler Stationery
81%
Paper Stationery
81%
Rolling pin Cutlery
80%
Protractor Stationery
80%
Highlighter Stationery
80%
Stapler Stationery
80%
Hole punch Stationery
80%
Nutcracker Cutlery
78%
Compass Stationery
78%
Sharpener Stationery
78%
Glue stick Stationery
78%
Tongs Cutlery
77%
Sieve Cutlery
77%
Clipboard Stationery
77%
Crayon Stationery
72%
Mandoline Cutlery
67%
Mezzaluna Cutlery
63%
No matching quizzes found
Score Distribution
Percent of People with Each Score
Percentile by Number Answered
Your Score History
You have not taken this quiz